000 00479nam a2200145 a 4500
001 000029708
005 20200930055739.0
008 110425s1960 dr ac 000 0 spa d
040 _aDO-SdBNP
_bspa
_cBNPHU
082 _axxx
_bB483f
100 1 _aBeras Morales, León
_956503
245 1 4 _aLas fiestas de la santísima cruz :
_bremembranzas de antaño /
_cLeón Beras Morales.
260 _aSanto Domingo :
_bEditorial Santo Domingo,
_c1960.
300 _a8 p. :
_bil., retrs. ;
_c21 cm.
999 _c29200
_d29200